Journal of integrative medicine (Record no. 38413)

MARC details
000 -LEADER
fixed length control field 00540nam a2200169Ia 4500
022 ## - INTERNATIONAL STANDARD SERIAL NUMBER
ISSN 20954964
050 ## - CALL MARK
Classification number R 97.7.C5 .I58/
245 #0 - TITLE STATEMENT
Title Journal of integrative medicine
260 ## - PUBLICATION, DISTRIBUTION, ETC. (IMPRINT)
Place of publication China
260 ## - PUBLICATION, DISTRIBUTION, ETC. (IMPRINT)
Name of publisher Shanghai association of integrative medicine
260 ## - PUBLICATION, DISTRIBUTION, ETC. (IMPRINT)
Year of publication 2019
300 ## - PHYSICAL DESCRIPTION
Number of Pages 386 p. :ill. ; 28 cm.
650 ## - SUBJECT ADDED ENTRY--TOPICAL TERM
Topical Term Medicine--Periodicals. Medicine--China--Periodicals. Medicine, Chinese--Periodicals. Integrative medicine--Periodicals.
942 ## - ADDED ENTRY ELEMENTS (KOHA)
Koha item type Serials

No items available.